Statistics for Pokémon starting with a K (generation 1-7)

Click here to take the quiz!

General Stats

  • This quiz has been taken 4 times
  • The average score is 18 of 26

Answer Stats

GenPokémon% Correct
1Kakuna
100%
5Keldeo
100%
2Kingdra
100%
1Kingler
100%
7Komala
100%
1Krabby
100%
5Kyurem
100%
1Kadabra
75%
1Kangaskhan
75%
3Kirlia
75%
4Kricketot
75%
4Kricketune
75%
3Kyogre
75%
1Kabuto
50%
1Kabutops
50%
5Karrablast
50%
7Kartana
50%
3Kecleon
50%
5Klang
50%
6Klefki
50%
5Klink
50%
5Klinklang
50%
1Koffing
50%
7Kommo-o
50%
5Krokorok
50%
5Krookodile
50%

Score Distribution

Percentile by Number Answered

Percent of People with Each Score

Your Score History

You have not taken this quiz